Girls and Their Horses (American Girl Library) / (Record no. 4907)

MARC details
000 -LEADER
fixed length control field 00956nam a22002897a 4500
001 - CONTROL NUMBER
control field 4907
003 - CONTROL NUMBER IDENTIFIER
control field FISKH
005 - DATE AND TIME OF LATEST TRANSACTION
control field 20241023145513.0
008 - FIXED-LENGTH DATA ELEMENTS--GENERAL INFORMATION
fixed length control field 241023b cb ||||| |||| 00| 0 eng d
020 ## - INTERNATIONAL STANDARD BOOK NUMBER
International Standard Book Number 1584850396
040 ## - CATALOGING SOURCE
Original cataloging agency FISKH
Language of cataloging eng
Transcribing agency FISKH
Modifying agency FISKH
050 ## - LIBRARY OF CONGRESS CALL NUMBER
Classification number SF302.G56
082 ## - DEWEY DECIMAL CLASSIFICATION NUMBER
Classification number 636.1
100 ## - MAIN ENTRY--PERSONAL NAME
Personal name Decaire, Camela
245 ## - TITLE STATEMENT
Title Girls and Their Horses (American Girl Library) /
Statement of responsibility, etc. by Camela Decaire
260 ## - PUBLICATION, DISTRIBUTION, ETC.
Place of publication, distribution, etc. Wisconsin :
Name of publisher, distributor, etc. Pleasant Company Publications ;
Date of publication, distribution, etc. 2000 .
300 ## - PHYSICAL DESCRIPTION
Extent 64 pages :
Other physical details color illustrations '
Dimensions 23 cm .
490 ## - SERIES STATEMENT
Series statement American Girl Library
505 ## - FORMATTED CONTENTS NOTE
Formatted contents note Z <br/>
520 ## - SUMMARY, ETC.
Summary, etc. Text and photographs present stories of girls who ride in rodeos, show jump, train miniature horses and wild ponies, and live on a horse farm.
521 8# - TARGET AUDIENCE NOTE
Target audience note 920 <br/>
Source Lexile <br/>
521 8# - TARGET AUDIENCE NOTE
Target audience note Z <br/>
Source Raz-Plus <br/>
650 ## - SUBJECT ADDED ENTRY--TOPICAL TERM
Topical term or geographic name entry element horses
Form subdivision Juvenile literature
700 ## - ADDED ENTRY--PERSONAL NAME
Personal name Watkins, Michelle
Relator term editor
942 ## - ADDED ENTRY ELEMENTS (KOHA)
Source of classification or shelving scheme Dewey Decimal Classification
Koha item type Books
Suppress in OPAC No
Holdings
Withdrawn status Lost status Source of classification or shelving scheme Damaged status Not for loan Collection Home library Current library Shelving location Date acquired Total Checkouts Full call number Barcode Date last seen Price effective from Koha item type
    Dewey Decimal Classification     Non-Fiction Footprints International School Library Network Toul Kork Campus Footprints International School Library Network Toul Kork Campus TTP Secondary Non-Fiction Bookshelves 10/23/2024   DEC 636.1 SF302.G56 FIS01433 10/23/2024 10/23/2024 Books